<?xml version="1.0" encoding="UTF-8"?>
<collection xmlns="http://www.loc.gov/MARC21/slim">
 <record>
  <leader>01941nam a2200205Ia 4500</leader>
  <controlfield tag="001">CTU_231304</controlfield>
  <controlfield tag="008">210402s9999    xx            000 0 und d</controlfield>
  <datafield tag="082" ind1=" " ind2=" ">
   <subfield code="a">658.4012</subfield>
  </datafield>
  <datafield tag="082" ind1=" " ind2=" ">
   <subfield code="b">G412</subfield>
  </datafield>
  <datafield tag="100" ind1=" " ind2=" ">
   <subfield code="a">Ghemawat, Pankaj</subfield>
  </datafield>
  <datafield tag="245" ind1=" " ind2="4">
   <subfield code="a">The new global roadmap :</subfield>
  </datafield>
  <datafield tag="245" ind1=" " ind2="0">
   <subfield code="b">Enduring strategies for turbulent times</subfield>
  </datafield>
  <datafield tag="245" ind1=" " ind2="0">
   <subfield code="c">Pankaj Ghemawat</subfield>
  </datafield>
  <datafield tag="260" ind1=" " ind2=" ">
   <subfield code="a">Boston, Masachusetts</subfield>
  </datafield>
  <datafield tag="260" ind1=" " ind2=" ">
   <subfield code="b">Harvard Business Review Press</subfield>
  </datafield>
  <datafield tag="260" ind1=" " ind2=" ">
   <subfield code="c">2018</subfield>
  </datafield>
  <datafield tag="520" ind1=" " ind2=" ">
   <subfield code="a">Executives can no longer predicate international growth strategies on the assumption that globalization will continue to advance. But how should they respond to the growing pressures against globalization? Should they reshape their global strategies or stay the course? What can businesses do to control their destinies in this time of uncertainty? The New Global Road Map explains the key trends affecting global business today and--separating fact from fiction--gives readers an informed understanding of how globalization levels around the world are changing and where they are likely to go in the future. With the most up-to-date data and analysis, Ghemawat dispels dangerous myths and provides a clear view of what is and isn't changing in the global business environment. Building on this analysis, with fresh examples from a diverse set of companies across industries and geographies, Ghemawat provides frameworks and tools to help executives revise their strategies, restructure their global footprints, realign their organizations, and rethink how they work with local governments and institutions. In an era of rising nationalism and increased skepticism about the benefits of globalization, The New Global Road Map is the definitive guide for how to compete, where to compete, and how to organize on a changing global stage.</subfield>
  </datafield>
  <datafield tag="650" ind1=" " ind2=" ">
   <subfield code="a">Chính sách và kinh doanh,Business and politics</subfield>
  </datafield>
  <datafield tag="910" ind1=" " ind2=" ">
   <subfield code="b">dqhieu</subfield>
  </datafield>
  <datafield tag="980" ind1=" " ind2=" ">
   <subfield code="a">Trung tâm Học liệu Trường Đại học Cần Thơ</subfield>
  </datafield>
 </record>
</collection>
